000 00394nam a2200157Ia 4500
008 210210b1983 xxu||||| |||| 00| 0 eng d
020 _a0 413 50780 7
082 _a796.13 MORD
100 _aMORGAN (Phyllis Greene).
245 _aDancercise.
260 _aLondon.
_bMethuen.
_c1983
300 _a160
650 _aDancing Exercise
690 _aAthletic & Outdoor Sports
906 _a039793
999 _c89960
_d89960